000 00716nam a2200253 a 4500
001 BRCA_3611
005 20190320204343.0
008 120809s1949----fr a---###---#000-0#fre-#
041 _afre
044 _afr
050 4 _aND553.F7
_b.F73 1 1949
245 1 0 _aFragonard, 1732-1806
_cedición de Jean Villain.
260 _aParis
_bBraun
_cc1949
300 _a1 v. (sin paginación)
_bil.
_c17 cm.
440 0 _aCollection ´Les Maitress´
_99366
500 _aIncluye bibliografía
500 _aEjemplar igual a G29
500 _aB281
600 1 4 _aFragonard, Jean Honore
_d1732-1806
_99367
650 1 4 _aPintores franceses
_97726
700 1 _aVillain, Jean
_eEditor
_99368
902 _aGFM
942 _2lcc
_cB
999 _c3346
_d3346